| 000 | 00542nam a2200217 a 4500 | ||
|---|---|---|---|
| 001 | 14049 | ||
| 003 | BD-JhCC | ||
| 005 | 20240526082619.0 | ||
| 008 | 171024s2022 b a|||| ||a| 000 0 eng d | ||
| 020 | _a9789849662617 | ||
| 035 | _a(BD-JhCC)14049 | ||
| 040 |
_aBD-JhCC _dBD-JhCC |
||
| 041 | _aeng | ||
| 082 |
_a843.8 _bMAH 2022 |
||
| 100 | _a Mahmud, Zawad | ||
| 245 |
_aAdventures of Zawad / _cZawad Mahmud |
||
| 260 |
_aDhaka : _bTangon; _c2022. |
||
| 300 |
_a152 p. : _bill. ; _c22cm. |
||
| 650 | _aAdvanture Stories | ||
| 942 |
_2ddc _cBK |
||
| 999 |
_c14049 _d14049 |
||